000 01606nam a2200397 a 4500
001 ebr10591389
003 CaPaEBR
006 m u
007 cr cn|||||||||
008 121214s1976 gw a sb 000 0 lat d
020 _z3519014165
020 _z9783598714160
020 _z9783110954227 (e-book)
040 _aCaPaEBR
_cCaPaEBR
035 _a(OCoLC)823746494
041 1 _alat
_agre
_ager
050 1 4 _aQA31
_b.H47 1976eb
100 0 _aHero,
_cof Alexandria.
245 1 0 _aHeronis definitiones cum variis collectionibus
_h[electronic resource] :
_bHeronis quae feruntur geometrica /
_ccopiis Guilelmi Schmidt usus ; edidit J.L. Heiberg.
246 3 0 _aDefinitiones cum variis collectionibus
260 _aStuttgart :
_bB.G. Teubner,
_c1976.
300 _axxix, 449 p. :
_bill.
440 0 _aBibliotheca scriptorum Graecorum et Romanorum Teubneriana,
_x1912-1976
490 0 _aHeronis Alexandrini opera quae supersunt omnia ;
_vv. 4
500 _a"Cum LXII figuris."
504 _aIncludes bibliographical references.
533 _aElectronic reproduction.
_bPalo Alto, Calif. :
_cebrary,
_d2011.
_nAvailable via World Wide Web.
_nAccess may be limited to ebrary affiliated libraries.
546 _aIn Latin, Greek and German.
650 0 _aMathematics, Greek.
650 0 _aGeometry
_vEarly works to 1800.
655 7 _aElectronic books.
_2local
700 1 _aSchmidt, Guilelmi.
700 1 _aHeiberg, J. L.
710 2 _aebrary, Inc.
856 4 0 _uhttp://site.ebrary.com/lib/rucke/Doc?id=10591389
_zAn electronic book accessible through the World Wide Web; click to view
999 _c210090
_d210090